000
00401nam a22001457a 4500
005
20260305110555.0
008
260305b |||||||| |||| 00| 0 eng d
041
_a
tam
082
_a
894.8113
100
_a
அச. பாய்வா
_9
9144
245
_a
ஆத்ம விசாரம்/
260
_a
ஆரையம்பதி;
_b
மறுகா ,
_c
2008
300
_a
77பக்
942
_c
BK
999
_c
91851
_d
91851